000
00269nam a2200109Ia 4500
008
231219s9999 xx 000 0 und d
041
_a
eng
100
_a
Gautham
245
_a
Techeal Entrepreneurship
260
_b
Global Business Press Delhi95
650
_a
Management
999
_c
976846
_d
976846